• 首页
  • 本馆介绍
  • 公告通知
  • 最新文献
  • 馆藏检索
  • 电子资源
  • 读者导购
  • 参考咨询
  • 我的图书馆
  • 登录
  • 详细信息显示
  • 放入我的书架
  • 预约/预借图书
  • 作者相关作品
  • 分类相关作品
  • 丛书相关作品
  • 出版社相关作品

书目信息

  • 表格格式
  • 工作单格式
  • 卡片格式
题名:
仲裁法专题研究
    
 
作者: 杨玲 著
分册:  
出版信息: 上海   上海三联书店  2013
页数: 254页
开本: 21cm
丛书名:
单 册:
中图分类: D925.704
科图分类:
主题词: 仲裁法--Zhong Cai Fa--研究--中国
电子资源:
ISBN: 978-7-5426-4188-5
000 00942nam0 22002411 450
001 349874
005 20161009082823.54
010    @a978-7-5426-4188-5@dCNY38.00
100    @a20130716d2013 em y0chiy50 ea
101 0  @achi
102    @aCN@b310000
105    @ay z 000yy
106    @ar
200 1  @a仲裁法专题研究@AZhong Cai Fa Zhuan Ti Yan Jiu@f杨玲著
210    @a上海@c上海三联书店@d2013
215    @a254页@d21cm
300    @a上海市教育委员会重点学科建设项目国际法学资助 高水平特色法学学科建设与人才培养工程(085工程)的阶段性成果
330    @a本书包括仲裁机构与仲裁协议、仲裁程序的基本问题、重新仲裁制度的功能与适用、国际商事仲裁的新发展4章,包括仲裁机构的法律地位、仲裁机构民间化的制度困境、仲裁协议的成立与有效、仲裁的保密等内容。
606 0  @a仲裁法@AZhong Cai Fa@x研究@y中国
690    @aD925.704@v5
701  0 @a杨玲@AYang Ling@c(女,法学博士)@4著
801  0 @aCN@bTANGWEI@20160802
905    @b0887195-9@dD925.704@e556@f5
    
    仲裁法专题研究/杨玲著 .-上海:上海三联书店,2013
    254页;21cm
    上海市教育委员会重点学科建设项目国际法学资助 高水平特色法学学科建设与人才培养工程(085工程)的阶段性成果
    
    ISBN 978-7-5426-4188-5:CNY38.00
    本书包括仲裁机构与仲裁协议、仲裁程序的基本问题、重新仲裁制度的功能与适用、国际商事仲裁的新发展4章,包括仲裁机构的法律地位、仲裁机构民间化的制度困境、仲裁协议的成立与有效、仲裁的保密等内容。
●
相关链接 在E读中查询图书 在五车中查询图书 在当当中查询图书 在豆瓣中查询图书


正题名:仲裁法专题研究     索取号:D925.704/556         预约/预借

序号 登录号 条形码 馆藏地/架位号 状态 备注
1 0887195   208871951   第一样本阅览室/ [索取号:D925.704/556] 在馆    
2 0887196   208871960   第一借阅区/ [索取号:D925.704/556] 在馆    
3 0887197   208871979   第一借阅区/ [索取号:D925.704/556] 在馆    
4 0887198   208871988   第一借阅区/ [索取号:D925.704/556] 在馆    
5 0887199   208871997   密集书库-史法系/ [索取号:D925.704/556] 在馆    
唐山师范学院图书馆 欢迎您!
大连网信软件有限公司© 版权所有